01011cam a2200289 a 450000100100000000500170001000800410002702000150006803500190008304000250010208200180012710000330014524500790017826000350025730000210029249000290031365000270034260000510036965000310042070000450045183000390049691000340053591000070056904900090057695201210058599900150070600000633620200929153922.0910207s1989 sp b 000 d spa d a8423919382 a(DLC) 91114586 aDO-SdBNPcDLCdBNPHU a862.64bG146c1 aGala, Antonio,d1936-91764910aCristóbal Colón /cAntonio Gala ; prólogo de José Romera Castillo. aMadrid :bEspasa-Calpe,c1989. a142 p. ;c18 cm.1 aAustral. Literaturav138 4aTeatro español9307110aCRISTÓBAL COLÓN,d1451?-1502xDRAMA917650 4aLiteratura española96321 aCastillo, José Romera,epról.917651 0aAustral.pliteratura ;v138917652 aCatalogación por copia / LC aWM aBNGR 001054708MOaGRbGRcHDd2009-08-27iLF1l0o862.64 G146cp6336-10r2020-06-25w2020-06-25y4ZPréstamo en sala c6131d6131